000 00255 a2200085 4500
100 1 _aVemjan, G.V..
_eAutor
245 0 _aKacestvo telefonnoj peredaci i ego ocenka /
_cVemjan G.V..
710 2 _aSvjaz'.
_eWydawca
_4pbl
260 _aMoskva :
_bSvjaz',
_c1970.
300 _a224 s.;
_c24 cm.
999 _c4030
_d4030